00670nam a22002057a 450000500170000001000130001702000100003003500130004003700160005304000120006908200160008110000330009724501230013026000560025327000450030930000220035450000510037665000250042765000120045220170124110002.0 aA-709684 c00.00 aA-709684 bCen Lib/Ret aDPLbEN a362.58bBAN aBandyopadhyaya, Jayantanuja  aThe poverty of nations : cby Jayantanuja Bandhyopadhyayaba global perspective of mass poverty in the thired world /  aNew DelhibAllied Publishers Private Limited c1988 a13/14, Asaf ali Marg bNew Delhie110002 ax,320p.c22cm(Hb) aIncludes bibliographical references and index. aDeveloping countries aPoverty